<?xml version="1.0" encoding="UTF-8"?>
<record
    xmlns:xsi="http://www.w3.org/2001/XMLSchema-instance"
    xsi:schemaLocation="http://www.loc.gov/MARC21/slim http://www.loc.gov/standards/marcxml/schema/MARC21slim.xsd"
    xmlns="http://www.loc.gov/MARC21/slim">

  <leader>01333nam a22001937b 4500</leader>
  <controlfield tag="005">20240904145844.0</controlfield>
  <controlfield tag="008">240904b        sa ||||| |||| 00| 1 eng d</controlfield>
  <datafield tag="020" ind1=" " ind2=" ">
    <subfield code="a">9781788549332</subfield>
    <subfield code="q">pbk</subfield>
  </datafield>
  <datafield tag="040" ind1=" " ind2=" ">
    <subfield code="a">RDA</subfield>
    <subfield code="c">OCLC</subfield>
  </datafield>
  <datafield tag="041" ind1=" " ind2=" ">
    <subfield code="2">E</subfield>
  </datafield>
  <datafield tag="082" ind1=" " ind2=" ">
    <subfield code="a">EF BOX</subfield>
  </datafield>
  <datafield tag="100" ind1=" " ind2=" ">
    <subfield code="a">Box, C.J</subfield>
    <subfield code="9">90151</subfield>
  </datafield>
  <datafield tag="245" ind1=" " ind2=" ">
    <subfield code="a">Dark sky.</subfield>
    <subfield code="c">by C.J Box</subfield>
  </datafield>
  <datafield tag="260" ind1=" " ind2=" ">
    <subfield code="a">London;</subfield>
    <subfield code="b">Head of Zeus Ltd.</subfield>
    <subfield code="c">2021.</subfield>
  </datafield>
  <datafield tag="300" ind1=" " ind2=" ">
    <subfield code="a">327 pages;</subfield>
    <subfield code="c">20 cm.</subfield>
  </datafield>
  <datafield tag="490" ind1=" " ind2=" ">
    <subfield code="a">Joe Pickett novels</subfield>
  </datafield>
  <datafield tag="500" ind1=" " ind2=" ">
    <subfield code="a"> It's a crisp October morning in Wyoming's Twelve Sleep County, and game warden Joe Pickett should be keeping watch over his patch. Instead, the state governor has roped him into leading Silicon Valley billionaire Steven Price on a hunting trip. The department is facing major budget cuts and Price's social media empire could bring serious business into the state - if someone can persuade him of Wyoming's charms. It looks like a straightforward job, but unbeknownst to Joe, there is a hunter hot on their heels, one with a different manner of prey in mind. When Joe's daughter Sheridan and his closest friend Nate Romanowksi learn of the threat, they head out to rescue Joe and his charge. To get out of the woods alive, they will all have to draw on their wits and knowledge of the outdoors as they confront the worst man - and nature - can throw at them.</subfield>
  </datafield>
  <datafield tag="942" ind1=" " ind2=" ">
    <subfield code="2">ddc</subfield>
    <subfield code="c">BOOK</subfield>
    <subfield code="w">174</subfield>
    <subfield code="x">Sanet Schoeman</subfield>
    <subfield code="y">174</subfield>
    <subfield code="z">Sanet Schoeman</subfield>
  </datafield>
  <datafield tag="999" ind1=" " ind2=" ">
    <subfield code="c">767191</subfield>
    <subfield code="d">767190</subfield>
  </datafield>
  <datafield tag="952" ind1=" " ind2=" ">
    <subfield code="0">0</subfield>
    <subfield code="1">0</subfield>
    <subfield code="2">ddc</subfield>
    <subfield code="4">0</subfield>
    <subfield code="7">0</subfield>
    <subfield code="8">F</subfield>
    <subfield code="a">STANRL</subfield>
    <subfield code="b">GROOL</subfield>
    <subfield code="c">FIC</subfield>
    <subfield code="d">2024-09-04</subfield>
    <subfield code="g">315.50</subfield>
    <subfield code="l">0</subfield>
    <subfield code="o">EF BOX</subfield>
    <subfield code="p">33228031152569</subfield>
    <subfield code="r">2024-09-04</subfield>
    <subfield code="w">2024-09-04</subfield>
    <subfield code="y">BOOK</subfield>
  </datafield>
  <datafield tag="952" ind1=" " ind2=" ">
    <subfield code="0">0</subfield>
    <subfield code="1">0</subfield>
    <subfield code="2">ddc</subfield>
    <subfield code="4">0</subfield>
    <subfield code="7">0</subfield>
    <subfield code="8">F</subfield>
    <subfield code="a">STANRL</subfield>
    <subfield code="b">BETHL</subfield>
    <subfield code="c">FIC</subfield>
    <subfield code="d">2024-09-04</subfield>
    <subfield code="g">315.50</subfield>
    <subfield code="l">0</subfield>
    <subfield code="o">EF BOX</subfield>
    <subfield code="p">33228031152575</subfield>
    <subfield code="r">2024-09-04</subfield>
    <subfield code="w">2024-09-04</subfield>
    <subfield code="y">BOOK</subfield>
  </datafield>
  <datafield tag="952" ind1=" " ind2=" ">
    <subfield code="0">0</subfield>
    <subfield code="1">0</subfield>
    <subfield code="2">ddc</subfield>
    <subfield code="4">0</subfield>
    <subfield code="7">0</subfield>
    <subfield code="8">F</subfield>
    <subfield code="a">STANRL</subfield>
    <subfield code="b">SECL</subfield>
    <subfield code="c">FIC</subfield>
    <subfield code="d">2024-09-04</subfield>
    <subfield code="g">315.50</subfield>
    <subfield code="l">1</subfield>
    <subfield code="o">EF BOX</subfield>
    <subfield code="p">33228031152574</subfield>
    <subfield code="q">2026-06-19</subfield>
    <subfield code="r">2026-06-04</subfield>
    <subfield code="s">2026-06-04</subfield>
    <subfield code="w">2024-09-04</subfield>
    <subfield code="y">BOOK</subfield>
  </datafield>
  <datafield tag="952" ind1=" " ind2=" ">
    <subfield code="0">0</subfield>
    <subfield code="1">0</subfield>
    <subfield code="2">ddc</subfield>
    <subfield code="4">0</subfield>
    <subfield code="7">0</subfield>
    <subfield code="8">F</subfield>
    <subfield code="a">KWAML</subfield>
    <subfield code="b">DELML</subfield>
    <subfield code="c">FIC</subfield>
    <subfield code="d">2025-07-09</subfield>
    <subfield code="l">0</subfield>
    <subfield code="o">EF BOX</subfield>
    <subfield code="p">33228031085108</subfield>
    <subfield code="r">2025-07-09</subfield>
    <subfield code="w">2025-07-09</subfield>
    <subfield code="y">BOOK</subfield>
  </datafield>
</record>
